[Event "LTU-ch"]
[Site "Vilnius"]
[Date "2002.05.25"]
[Round "11"]
[White "Sulskis, Sarunas"]
[Black "Ruzele, Darius"]
[Result "0-1"]
[WhiteElo "2577"]
[BlackElo "2545"]
[PlyCount "106"]
[EventDate "2002.05.17"]
[EventType "tourn"]
[EventRounds "11"]
[EventCountry "LTU"]
[EventCategory "9"]
[SourceTitle "CBM 090"]
[Source "ChessBase"]
[SourceDate "2002.09.20"]
[SourceVersion "1"]
[SourceVersionDate "2002.09.20"]
[SourceQuality "1"]

1. e4 c6 2. d4 d5 3. e5 Bf5 4. c3 e6 5. Be3 Qb6 6. Qb3 h5 7. Nd2 Nd7 8. f4 Nh6 9. Ngf3 Be7 10. Be2 0-0-0 11. h3 f6 12. 0-0 Rdg8 13. c4 Qxb3 14. axb3 Kb8 15. c5 Bd8 16. b4 a6 17. Nb3 Kc8 18. Na5 Nb8 19. Nh2 Be4 20. Bf3 Nf5 21. Bxe4 Nxe3 22. Rfe1 Bxa5 23. bxa5 dxe4 24. Rxe3 f5 25. Rg3 h4 26. Rg6 Rh6 27. Rxh6 gxh6 28. Nf1 Nd7 29. Ne3 Nf8 30. Kf2 Ng6 31. g3 hxg3+ 32. Kxg3 Nxe5+ 33. Kh4 Ng6+ 34. Kg3 Ne5+ 35. Kh4 Nf3+ 36. Kh5 Nxd4 37. Nc4 Ne2 38. Kxh6 Nxf4 39. h4 Rg3 40. Ra3 Rg6+ 41. Kh7 Rg4 42. Rb3 e5 43. Nd6+ Kd7 44. Nxf5 Ke6 45. Ng7+ Kf6 46. Ne8+ Ke7 47. Nd6 Rxh4+ 48. Kg8 Rg4+ 49. Kh7 Nd3 50. Rxb7+ Ke6 51. Nc4 Rg3 52. Rb3 Kd5 53. Nd6 Rf3 0-1

[Event "LTU-ch"]
[Site "Vilnius"]
[Date "2002.05.18"]
[Round "2"]
[White "Ruzele, Darius"]
[Black "Zapolskis, Antanas J"]
[Result "1-0"]
[WhiteElo "2545"]
[BlackElo "2397"]
[PlyCount "90"]
[EventDate "2002.05.17"]
[EventType "tourn"]
[EventRounds "11"]
[EventCountry "LTU"]
[EventCategory "9"]
[SourceTitle "CBM 090"]
[Source "ChessBase"]
[SourceDate "2002.09.20"]
[SourceVersion "1"]
[SourceVersionDate "2002.09.20"]
[SourceQuality "1"]

1. d4 d5 2. c4 c6 3. e3 e6 4. Nc3 f5 5. f4 Nf6 6. Nf3 Be7 7. Be2 0-0 8. 0-0 Ne4 9. Bd2 Nd7 10. Be1 g5 11. Nxe4 fxe4 12. Nxg5 Bxg5 13. fxg5 Qxg5 14. Qd2 Rxf1+ 15. Bxf1 Nf8 16. Bg3 Ng6 17. Re1 b6 18. Qb4 Bb7 19. Qd6 Re8 20. a4 Qe7 21. Rc1 Qxd6 22. Bxd6 Rd8 23. Bg3 Rc8 24. cxd5 exd5 25. Be2 Rf8 26. b4 a6 27. h4 b5 28. axb5 axb5 29. h5 Ne7 30. Bd6 Kf7 31. Bg4 Rd8 32. Rf1+ Ke8 33. Bc5 Bc8 34. Bxc8 Rxc8 35. g4 h6 36. Kg2 Ng8 37. Kg3 Kd7 38. Rf7+ Ke6 39. Ra7 Kf6 40. Kf4 Re8 41. Rc7 Ra8 42. Rxc6+ Kg7 43. Rc7+ Kf6 44. Rd7 Ra1 45. Rxd5 Rf1+ 1-0

[Event "LTU-ch"]
[Site "Kaunas"]
[Date "2001.05.15"]
[Round "8"]
[White "Ruzele, Darius"]
[Black "Zagorskis, Darius"]
[Result "1/2-1/2"]
[WhiteElo "2550"]
[BlackElo "2467"]
[PlyCount "27"]
[EventDate "2001.05.10"]
[EventType "tourn"]
[EventRounds "13"]
[EventCountry "LTU"]
[EventCategory "7"]
[SourceTitle "CBM 082 Extra"]
[Source "ChessBase"]
[SourceDate "2001.07.03"]
[SourceVersion "1"]
[SourceVersionDate "2001.07.03"]
[SourceQuality "1"]

1. d4 Nf6 2. c4 e6 3. Nc3 d5 4. Nf3 Be7 5. Bf4 0-0 6. e3 c5 7. dxc5 Bxc5 8. a3 Nc6 9. Qc2 Qa5 10. 0-0-0 Bd7 11. Kb1 Be7 12. g4 dxc4 13. Bxc4 Rfd8 14. Nd2 1/2-1/2

[Event "LTU-ch"]
[Site "Kaunas"]
[Date "2001.05.14"]
[Round "6"]
[White "Ruzele, Darius"]
[Black "Butnorius, Algimantas"]
[Result "1/2-1/2"]
[WhiteElo "2550"]
[BlackElo "2435"]
[PlyCount "30"]
[EventDate "2001.05.10"]
[EventType "tourn"]
[EventRounds "13"]
[EventCountry "LTU"]
[EventCategory "7"]
[SourceTitle "CBM 082 Extra"]
[Source "ChessBase"]
[SourceDate "2001.07.03"]
[SourceVersion "1"]
[SourceVersionDate "2001.07.03"]
[SourceQuality "1"]

1. d4 Nf6 2. c4 e6 3. Nc3 Bb4 4. Qc2 0-0 5. a3 Bxc3+ 6. Qxc3 b6 7. Bg5 Bb7 8. f3 h6 9. Bh4 d5 10. e3 Re8 11. Bd3 Nbd7 12. cxd5 Nxd5 13. Bxd8 Nxc3 14. Bh4 Nd5 15. Kf2 e5 1/2-1/2

[Event "Olympiad-34"]
[Site "Istanbul"]
[Date "2000.11.12"]
[Round "14.2"]
[White "Ruzele, Darius"]
[Black "Godena, Michele"]
[Result "1/2-1/2"]
[WhiteElo "2541"]
[BlackElo "2485"]
[PlyCount "38"]
[EventDate "2000.10.28"]
[EventType "team-swiss"]
[EventRounds "14"]
[EventCountry "TUR"]
[SourceTitle "EXT 2001"]
[Source "ChessBase"]
[SourceDate "2000.11.22"]
[SourceVersion "1"]
[SourceVersionDate "2000.11.22"]
[SourceQuality "1"]
[WhiteTeam "Lithuania"]
[BlackTeam "Italy"]
[WhiteTeamCountry "LTU"]
[BlackTeamCountry "ITA"]

1. d4 d5 2. Nf3 Nf6 3. c4 c6 4. e3 e6 5. Bd3 dxc4 6. Bxc4 c5 7. 0-0 a6 8. Qe2 b5 9. Bb3 Bb7 10. a4 Nbd7 11. axb5 axb5 12. Rxa8 Qxa8 13. Nc3 b4 14. Nb5 Qb8 15. e4 cxd4 16. Nfxd4 Bc5 17. Bxe6 0-0 18. Bc4 Bxe4 19. f3 Bd5 1/2-1/2

[Event "Olympiad-34"]
[Site "Istanbul"]
[Date "2000.11.08"]
[Round "11.2"]
[White "Berlinsky, Vladimir"]
[Black "Ruzele, Darius"]
[Result "1/2-1/2"]
[WhiteElo "2352"]
[BlackElo "2541"]
[PlyCount "70"]
[EventDate "2000.10.28"]
[EventType "team-swiss"]
[EventRounds "14"]
[EventCountry "TUR"]
[SourceTitle "EXT 2001"]
[Source "ChessBase"]
[SourceDate "2000.11.22"]
[SourceVersion "1"]
[SourceVersionDate "2000.11.22"]
[SourceQuality "1"]
[WhiteTeam "IBCA"]
[BlackTeam "Lithuania"]
[BlackTeamCountry "LTU"]

1. e4 c5 2. Nf3 e6 3. d4 cxd4 4. Nxd4 a6 5. Nc3 b5 6. a3 Bb7 7. Be2 Qc7 8. f4 Nc6 9. Be3 Rc8 10. Qd2 Nf6 11. Nxc6 Bxc6 12. Qd4 Qb7 13. Bf3 b4 14. axb4 Bxb4 15. 0-0 0-0 16. e5 Bxc3 17. bxc3 Nd5 18. Rfb1 Qc7 19. Rxa6 Nxe3 20. Bxc6 Nxc2 21. Qxd7 Qxd7 22. Bxd7 Rxc3 23. Rc1 g6 24. Ra2 Nb4 25. Rxc3 Nxa2 26. Rc8 Rxc8 27. Bxc8 Nb4 28. Bb7 h6 29. Be4 g5 30. g3 Kg7 31. Kf2 Na6 32. h3 Nc5 33. Bc2 f6 34. exf6+ Kxf6 35. Ke3 e5 1/2-1/2

[Event "LTU-ch"]
[Site "Vilnius"]
[Date "2000.03.30"]
[Round "6"]
[White "Ruzele, Darius"]
[Black "Zagorskis, Darius"]
[Result "1-0"]
[WhiteElo "2525"]
[BlackElo "2483"]
[PlyCount "103"]
[EventDate "2000.03.25"]
[EventType "swiss"]
[EventRounds "9"]
[EventCountry "LTU"]
[SourceTitle "CBM 075 Extra"]
[Source "ChessBase"]
[SourceDate "2000.05.11"]
[SourceVersion "2"]
[SourceVersionDate "2000.05.11"]
[SourceQuality "1"]

1. d4 Nf6 2. c4 g6 3. Nc3 d5 4. Nf3 Bg7 5. Bf4 0-0 6. Rc1 dxc4 7. e4 Bg4 8. Bxc4 Bxf3 9. Qxf3 Nh5 10. d5 Nxf4 11. Qxf4 Nd7 12. Qe3 Ne5 13. Bb3 c6 14. 0-0 cxd5 15. exd5 a6 16. Rfe1 Rc8 17. Rcd1 Re8 18. Qf4 Nd7 19. Re3 Rf8 20. h4 Nf6 21. d6 e6 22. d7 Nxd7 23. Qa4 b5 24. Qxa6 Qb6 25. Qxb5 Qxb5 26. Nxb5 Nc5 27. Rb1 Rfd8 28. Bc4 Na4 29. b3 Nb6 30. Re4 Rd2 31. a4 Rcd8 32. Bf1 Bf8 33. a5 Nd5 34. Re2 Nb4 35. Ra1 Rd1 36. Re1 R1d2 37. Re2 Rd1 38. Re1 R1d2 39. Rec1 Na2 40. Rc4 Ra8 41. Ra4 Nb4 42. Rc1 Na6 43. Nc7 Nxc7 44. Rxc7 Rb2 45. Rc3 Be7 46. g3 Bd8 47. b4 Kg7 48. Rc6 g5 49. hxg5 Bxg5 50. b5 Bd2 51. a6 Be1 52. Rg4+ 1-0

[Event "LTU-ch"]
[Site "Vilnius"]
[Date "2000.03.29"]
[Round "5"]
[White "Sakalauskas, Vaidas"]
[Black "Ruzele, Darius"]
[Result "1/2-1/2"]
[WhiteElo "2403"]
[BlackElo "2525"]
[PlyCount "33"]
[EventDate "2000.03.25"]
[EventType "swiss"]
[EventRounds "9"]
[EventCountry "LTU"]
[SourceTitle "CBM 075 Extra"]
[Source "ChessBase"]
[SourceDate "2000.05.11"]
[SourceVersion "2"]
[SourceVersionDate "2000.05.11"]
[SourceQuality "1"]

1. d4 d5 2. c4 e6 3. Nc3 Be7 4. Bf4 Nf6 5. e3 0-0 6. Nf3 c5 7. dxc5 Bxc5 8. a3 Nc6 9. b4 Be7 10. cxd5 Nxd5 11. Nxd5 exd5 12. Bd3 Bd6 13. Bxd6 Qxd6 14. 0-0 g6 15. h3 Rd8 16. Bc2 Qf6 17. b5 1/2-1/2

[Event "LTU-ch"]
[Site "Vilnius"]
[Date "2000.03.27"]
[Round "3"]
[White "Burstein, Roman"]
[Black "Ruzele, Darius"]
[Result "0-1"]
[WhiteElo "2368"]
[BlackElo "2525"]
[PlyCount "134"]
[EventDate "2000.03.25"]
[EventType "swiss"]
[EventRounds "9"]
[EventCountry "LTU"]
[SourceTitle "CBM 075 Extra"]
[Source "ChessBase"]
[SourceDate "2000.05.11"]
[SourceVersion "2"]
[SourceVersionDate "2000.05.11"]
[SourceQuality "1"]

1. c4 b6 2. g3 Bb7 3. Nf3 Bxf3 4. exf3 c5 5. f4 Nc6 6. Bg2 g6 7. 0-0 Bg7 8. d3 e6 9. Nd2 Nge7 10. Rb1 0-0 11. a3 a5 12. Nf3 a4 13. b3 axb3 14. Qxb3 Ra6 15. Bb2 Bxb2 16. Qxb2 Nf5 17. h4 h5 18. Ng5 Nfd4 19. Rfe1 Qe7 20. Ne4 Rfa8 21. Ra1 Rb8 22. Nc3 Qf6 23. Rab1 Ra5 24. Ne4 Qd8 25. Nc3 Qc7 26. Qc1 Ne7 27. Qb2 Nec6 28. Qc1 Qa7 29. Ne4 f5 30. Ng5 Rxa3 31. Bxc6 Nxc6 32. Qe3 Qc7 33. Nf3 Kh7 34. Ng5+ Kh6 35. Ra1 Rxa1 36. Rxa1 Nd4 37. Qe5 Qxe5 38. Nf7+ Kg7 39. Nxe5 Rb7 40. Kg2 Kf6 41. Rb1 Kg7 42. Ra1 d6 43. Nf3 Nxf3 44. Kxf3 Kf6 45. Rb1 Ke7 46. Rb2 Kd7 47. Ra2 Ke7 48. Rb2 d5 49. Ke3 Kd6 50. Ra2 Kc6 51. Ra8 b5 52. cxb5+ Rxb5 53. Rg8 Rb2 54. Rxg6 d4+ 55. Kf3 Kd5 56. Rh6 Rd2 57. Rxh5 Rxd3+ 58. Ke2 Ra3 59. Rh8 Ke4 60. h5 d3+ 61. Kd2 Ra2+ 62. Kc3 Rc2+ 63. Kb3 Rxf2 64. Re8 Kd4 65. h6 c4+ 66. Kb4 Rb2+ 67. Ka3 Rb7 0-1

[Event "Gelsenkirchen op"]
[Site "Gelsenkirchen"]
[Date "2000.??.??"]
[Round "2"]
[White "Kopylov, Luba"]
[Black "Ruzele, Darius"]
[Result "0-1"]
[WhiteElo "1683"]
[BlackElo "2525"]
[PlyCount "88"]
[EventDate "2000.??.??"]
[EventType "swiss"]
[EventRounds "10"]
[EventCountry "GER"]
[SourceTitle "EXT 2001"]
[Source "ChessBase"]
[SourceDate "2000.11.22"]
[SourceVersion "1"]
[SourceVersionDate "2000.11.22"]
[SourceQuality "1"]

1. d4 Nf6 2. c4 e6 3. g3 c5 4. Nf3 cxd4 5. Nxd4 Nc6 6. Nc2 h5 7. h4 Qa5+ 8. Nd2 Ne5 9. Bg2 Nxc4 10. 0-0 Nb6 11. Nb3 Qa4 12. Bg5 d5 13. Re1 Ne4 14. Be3 Nc4 15. Qd4 Bd7 16. Bxe4 Nxe3 17. Nxe3 Qxd4 18. Nxd4 dxe4 19. Rac1 Bd6 20. Red1 Ke7 21. Nc4 Rhc8 22. Nb3 Bc7 23. Rd4 Bc6 24. e3 Bd5 25. a4 Bd8 26. Nbd2 Bb6 27. Rxe4 Bxe4 28. Nxe4 Rc6 29. b3 Rd8 30. Kf1 Ba5 31. Rb1 Bb4 32. Ke2 a6 33. Rb2 f6 34. a5 Rd5 35. Ra2 e5 36. f3 Rb5 37. Kd3 Be1 38. Ra3 f5 39. Nc3 Bxc3 40. Kxc3 Rg6 41. f4 Rxg3 42. fxe5 f4 43. Kd4 fxe3 44. Nd6 Rg4+ 0-1

[Event "Gelsenkirchen op"]
[Site "Gelsenkirchen"]
[Date "2000.??.??"]
[Round "8"]
[White "Ruzele, Darius"]
[Black "Bekker Jensen, Simon"]
[Result "1/2-1/2"]
[WhiteElo "2525"]
[BlackElo "2403"]
[PlyCount "46"]
[EventDate "2000.??.??"]
[EventType "swiss"]
[EventRounds "10"]
[EventCountry "GER"]
[SourceTitle "EXT 2001"]
[Source "ChessBase"]
[SourceDate "2000.11.22"]
[SourceVersion "1"]
[SourceVersionDate "2000.11.22"]
[SourceQuality "1"]

1. d4 Nf6 2. c4 g6 3. Nc3 Bg7 4. e4 d6 5. Be2 0-0 6. Bg5 Na6 7. h4 e5 8. d5 h6 9. Be3 Nc5 10. Qc2 c6 11. h5 cxd5 12. cxd5 Qa5 13. Bd2 Bd7 14. Qb1 Qb6 15. Be3 a5 16. Bf3 Qxb2 17. Qxb2 Nd3+ 18. Kf1 Nxb2 19. Rb1 Nc4 20. Rxb7 Nxe3+ 21. fxe3 Rfb8 22. Rxb8+ Rxb8 23. Nge2 Ng4 1/2-1/2

[Event "Gelsenkirchen op"]
[Site "Gelsenkirchen"]
[Date "2000.??.??"]
[Round "7"]
[White "Ruzele, Darius"]
[Black "Kopylov, Michael"]
[Result "1-0"]
[WhiteElo "2525"]
[BlackElo "2428"]
[PlyCount "65"]
[EventDate "2000.??.??"]
[EventType "swiss"]
[EventRounds "10"]
[EventCountry "GER"]
[SourceTitle "EXT 2001"]
[Source "ChessBase"]
[SourceDate "2000.11.22"]
[SourceVersion "1"]
[SourceVersionDate "2000.11.22"]
[SourceQuality "1"]

1. d4 Nf6 2. c4 c5 3. d5 e6 4. Nc3 exd5 5. cxd5 d6 6. Nf3 g6 7. Nd2 Bg7 8. Nc4 0-0 9. Bf4 Ne8 10. Qd2 b6 11. a4 a6 12. g3 Ra7 13. Bg2 Rb7 14. 0-0 Bf6 15. Ne4 Be7 16. Bh6 Ng7 17. Qc3 f6 18. b4 Rf7 19. Bf4 Nf5 20. Ra2 g5 21. Bc1 Ng7 22. f4 cxb4 23. Qxb4 h6 24. fxg5 hxg5 25. Ncxd6 Qc7 26. Ba3 Ne8 27. Rc1 Qxc1+ 28. Bxc1 f5 29. Qc3 Rc7 30. Qxc7 Nxc7 31. Nxc8 fxe4 32. Nxe7+ Rxe7 33. d6 1-0

[Event "Gelsenkirchen op"]
[Site "Gelsenkirchen"]
[Date "2000.??.??"]
[Round "3"]
[White "Ruzele, Darius"]
[Black "Zesch, Ludwig"]
[Result "1-0"]
[WhiteElo "2525"]
[BlackElo "2103"]
[PlyCount "119"]
[EventDate "2000.??.??"]
[EventType "swiss"]
[EventRounds "10"]
[EventCountry "GER"]
[SourceTitle "EXT 2001"]
[Source "ChessBase"]
[SourceDate "2000.11.22"]
[SourceVersion "1"]
[SourceVersionDate "2000.11.22"]
[SourceQuality "1"]

1. d4 Nf6 2. c4 g6 3. Nc3 Bg7 4. e4 d6 5. Be2 0-0 6. Nf3 e5 7. 0-0 Nc6 8. d5 Ne7 9. b4 a5 10. Ba3 axb4 11. Bxb4 b6 12. a4 Ne8 13. Qb3 Rb8 14. Qa3 c5 15. dxc6 Nxc6 16. Rfd1 Nxb4 17. Qxb4 f5 18. c5 Bb7 19. cxd6 fxe4 20. Nxe4 Bxe4 21. Qxe4 Nxd6 22. Qb4 Rf6 23. Ng5 Qf8 24. Bc4+ Nxc4 25. Qxc4+ Kh8 26. Rd7 h6 27. Ne6 Qc8 28. Qd5 Qc2 29. Rf1 Rg8 30. Rd8 Rxd8 31. Qxd8+ Kh7 32. Qd7 Rxe6 33. Qxe6 Qxa4 34. Qxb6 h5 35. Qe3 Qg4 36. Re1 Qf5 37. Qe4 Qg5 38. g3 Qd2 39. Rb1 Qd6 40. Rb7 Kh6 41. Rf7 Qb8 42. Qb7 Qg8 43. Qd7 Kh7 44. h3 Kh8 45. Re7 Kh7 46. Rxe5 Qa2 47. Re1 Qa5 48. Rd1 Qg5 49. Qd5 Qf6 50. Rb1 Qc3 51. Kg2 Qf6 52. Rb7 Kh6 53. Qf3 Qa6 54. Qf4+ Kh7 55. Qf3 Kh6 56. g4 Qa5 57. Rd7 Qg5 58. Rd5 Qh4 59. gxh5 gxh5 60. Qf5 1-0

[Event "Plunge op"]
[Site "Plateliai"]
[Date "1999.??.??"]
[Round "6"]
[White "Ruzele, Darius"]
[Black "Bandza, Algirdas S"]
[Result "1/2-1/2"]
[WhiteElo "2515"]
[BlackElo "2388"]
[PlyCount "62"]
[EventDate "1999.07.13"]
[EventType "swiss"]
[EventRounds "9"]
[EventCountry "LTU"]
[SourceTitle "EXT 2005"]
[Source "ChessBase"]
[SourceDate "2004.11.15"]
[SourceVersion "1"]
[SourceVersionDate "2004.11.15"]
[SourceQuality "1"]

1. d4 Nf6 2. c4 e6 3. Nc3 Bb4 4. Qc2 c5 5. dxc5 0-0 6. a3 Bxc5 7. Nf3 b6 8. Bg5 Bb7 9. e4 h6 10. Bh4 Be7 11. Rd1 Nh5 12. Bxe7 Qxe7 13. Be2 Nf4 14. 0-0 d6 15. Rfe1 Nc6 16. Bf1 Rfd8 17. Rd2 Rd7 18. Qd1 Rad8 19. Re3 Ng6 20. Nd4 Nxd4 21. Rxd4 Ne5 22. Rd2 Nc6 23. g3 Ba8 24. Nb5 a6 25. Nc3 Na7 26. Red3 Bc6 27. Bg2 b5 28. cxb5 Nxb5 29. Na2 e5 30. Nb4 Bb7 31. Nc2 d5 1/2-1/2

[Event "Boeblingen op 16th"]
[Site "Boeblingen"]
[Date "1999.??.??"]
[Round "?"]
[White "Ruzele, Darius"]
[Black "Jacobi, Henry"]
[Result "1-0"]
[WhiteElo "2515"]
[BlackElo "2122"]
[PlyCount "77"]
[EventDate "1999.12.??"]
[EventType "swiss"]
[EventRounds "9"]
[EventCountry "GER"]
[SourceTitle "EXT 2001"]
[Source "ChessBase"]
[SourceDate "2000.11.22"]
[SourceVersion "1"]
[SourceVersionDate "2000.11.22"]
[SourceQuality "1"]

1. d4 Nf6 2. c4 e6 3. Nc3 d5 4. cxd5 exd5 5. Bg5 c6 6. e3 Bf5 7. Qf3 Bg6 8. Bxf6 Qxf6 9. Qxf6 gxf6 10. h4 h5 11. Nge2 Bd6 12. g3 Na6 13. Nf4 Nc7 14. Bh3 Kf8 15. Kd2 Re8 16. Nd3 Kg7 17. g4 hxg4 18. Bxg4 Rh6 19. Rag1 Kh8 20. h5 Bh7 21. f4 Ne6 22. Bf3 Bf5 23. a3 Ng7 24. Nf2 Rg8 25. Ne2 Ne6 26. Rxg8+ Kxg8 27. Ng3 Ng7 28. Bg4 Be6 29. Bxe6 fxe6 30. Ng4 Rh8 31. Nxf6+ Kf7 32. Ng4 Nf5 33. Nxf5 exf5 34. Ne5+ Kf6 35. Kd3 Rh6 36. Rg1 Bxe5 37. fxe5+ Ke6 38. Rg5 Rh7 39. Rg6+ 1-0

[Event "Plunge op"]
[Site "Plateliai"]
[Date "1999.??.??"]
[Round "4"]
[White "Slapikas, Vytautas"]
[Black "Ruzele, Darius"]
[Result "1/2-1/2"]
[WhiteElo "2414"]
[BlackElo "2515"]
[PlyCount "107"]
[EventDate "1999.07.13"]
[EventType "swiss"]
[EventRounds "9"]
[EventCountry "LTU"]
[SourceTitle "EXT 2005"]
[Source "ChessBase"]
[SourceDate "2004.11.15"]
[SourceVersion "1"]
[SourceVersionDate "2004.11.15"]
[SourceQuality "1"]

1. e4 c5 2. c3 d5 3. exd5 Qxd5 4. d4 e6 5. Be3 cxd4 6. Qxd4 Nf6 7. Nf3 Nc6 8. Qa4 Bd7 9. Qb5 Be7 10. Nbd2 Nb4 11. Qxd5 Nc2+ 12. Kd1 Nxe3+ 13. fxe3 Nxd5 14. e4 Ne3+ 15. Ke2 Nxf1 16. Rhxf1 f6 17. Nd4 Bd6 18. h3 Rc8 19. Kd3 Ke7 20. a4 Rhd8 21. Kc2 Be5 22. N2f3 Bf4 23. Rfe1 Bg3 24. Re2 g6 25. e5 f5 26. b4 h6 27. Kb3 Be8 28. Nd2 Bf4 29. Nc4 Rd5 30. Rf1 g5 31. Nd6 Rb8 32. Nxe8 Rxe8 33. Nb5 Rxe5 34. Rxe5 Bxe5 35. Nxa7 Ra8 36. Nb5 Rd8 37. Rf2 h5 38. a5 g4 39. Re2 gxh3 40. gxh3 Kf6 41. Kc4 Rc8+ 42. Kd3 Bf4 43. c4 Rd8+ 44. Kc2 e5 45. Nc3 e4 46. Nxe4+ fxe4 47. Rxe4 Rd2+ 48. Kc3 Rf2 49. c5 Be5+ 50. Kc4 Kf5 51. Rh4 Kg5 52. Re4 Kf5 53. Rh4 Kg5 54. Re4 1/2-1/2

[Event "Olympiad-33"]
[Site "Elista"]
[Date "1998.10.11"]
[Round "12.4"]
[White "Ruzele, Darius"]
[Black "Comas Fabrego, Luis"]
[Result "1/2-1/2"]
[WhiteElo "2475"]
[BlackElo "2540"]
[PlyCount "63"]
[EventDate "1998.09.29"]
[EventType "team-swiss"]
[EventRounds "13"]
[EventCountry "RUS"]
[SourceTitle "CBM 068"]
[Source "ChessBase"]
[SourceDate "1999.02.01"]
[SourceVersion "1"]
[SourceVersionDate "1999.02.01"]
[SourceQuality "1"]
[WhiteTeam "Lithuania"]
[BlackTeam "Spain"]
[WhiteTeamCountry "LTU"]
[BlackTeamCountry "ESP"]

1. d4 Nf6 2. c4 g6 3. Nc3 Bg7 4. Nf3 0-0 5. g3 d6 6. Bg2 Nbd7 7. 0-0 e5 8. Qc2 Re8 9. Rd1 c6 10. dxe5 dxe5 11. Ng5 Qe7 12. Nge4 Nxe4 13. Nxe4 Nc5 14. Nd6 Rd8 15. Nxc8 Rxd1+ 16. Qxd1 Rxc8 17. Be3 Rd8 18. Qe1 e4 19. Qa5 b6 20. Bxc5 Qxc5 21. Qxc5 bxc5 22. Bxe4 Rd2 23. Kf1 Rxb2 24. Rd1 Rxa2 25. Rd8+ Bf8 26. Bxc6 a5 27. Bd5 a4 28. Rd7 a3 29. Rxf7 Bg7 30. Rc7+ Kf8 31. Rf7+ Kg8 32. Rc7+ 1/2-1/2

[Event "Olympiad-33"]
[Site "Elista"]
[Date "1998.10.04"]
[Round "6.4"]
[White "Sakaev, Konstantin"]
[Black "Ruzele, Darius"]
[Result "1-0"]
[WhiteElo "2635"]
[BlackElo "2475"]
[PlyCount "65"]
[EventDate "1998.09.29"]
[EventType "team-swiss"]
[EventRounds "13"]
[EventCountry "RUS"]
[SourceTitle "CBM 068"]
[Source "ChessBase"]
[SourceDate "1999.02.01"]
[SourceVersion "1"]
[SourceVersionDate "1999.02.01"]
[SourceQuality "1"]
[WhiteTeam "Russia"]
[BlackTeam "Lithuania"]
[WhiteTeamCountry "RUS"]
[BlackTeamCountry "LTU"]

1. d4 e6 2. c4 Nf6 3. Nf3 d5 4. Nc3 Nbd7 5. cxd5 exd5 6. Bf4 c6 7. e3 Be7 8. Bd3 Nf8 9. h3 Ng6 10. Bh2 0-0 11. Qc2 Bd6 12. Ne5 Re8 13. f4 c5 14. 0-0 a6 15. Rad1 b6 16. g4 Bb7 17. g5 Nd7 18. Ng4 Ngf8 19. Qg2 Ra7 20. h4 b5 21. h5 Kh8 22. Ne5 Kg8 23. Ng4 Kh8 24. Ne5 Kg8 25. Be2 Nb6 26. Bf3 Qa8 27. b3 b4 28. Ne2 Nc8 29. f5 Bxe5 30. Bxe5 Nd7 31. Bf4 Kh8 32. Ng3 Ne7 33. f6 1-0

[Event "EU-Cup 14th Group3"]
[Site "Lubniewice"]
[Date "1998.09.19"]
[Round "2"]
[White "Seeman, Tarvo"]
[Black "Ruzele, Darius"]
[Result "1/2-1/2"]
[WhiteElo "2475"]
[BlackElo "2475"]
[PlyCount "120"]
[EventDate "1998.09.18"]
[EventType "team-k.o."]
[EventRounds "3"]
[EventCountry "POL"]
[SourceTitle "EXT 2020"]
[Source "ChessBase"]
[SourceDate "2019.10.17"]
[SourceVersion "1"]
[SourceVersionDate "2019.10.17"]
[SourceQuality "1"]
[WhiteTeam "Parnu MK"]
[BlackTeam "Kaunas Margiris"]
[WhiteTeamCountry "EST"]
[BlackTeamCountry "LTU"]

1. Nf3 Nf6 2. g3 b6 3. Bg2 Bb7 4. 0-0 e6 5. d3 d5 6. e4 dxe4 7. Ng5 Na6 8. Nc3 Nc5 9. d4 Ncd7 10. Ncxe4 Nxe4 11. Nxe4 Rb8 12. Re1 Be7 13. Qg4 g6 14. Qe2 0-0 15. Bh6 Re8 16. Rad1 b5 17. h4 Bd5 18. a3 Nf6 19. Nxf6+ Bxf6 20. Bxd5 Qxd5 21. b3 Rbd8 22. Qg4 c6 23. Qf4 Qf5 24. Qxf5 gxf5 25. c3 a5 26. a4 Rb8 27. Bf4 Rb7 28. Be5 Kg7 29. Ra1 bxa4 30. bxa4 Rb3 31. Bxf6+ Kxf6 32. Re5 Rxc3 33. Rxa5 Rc4 34. Rc5 Rxc5 35. dxc5 Ra8 36. a5 Ke5 37. h5 h6 38. a6 Ra7 39. Rd1 Rxa6 40. Rd6 f4 41. g4 Kf6 42. Kg2 Kg5 43. Kf3 Ra3+ 44. Ke4 Kxg4 45. Rxc6 Ra4+ 46. Ke5 Kf3 47. Rc7 Rc4 48. Kd6 Kxf2 49. Rxf7 f3 50. Rf6 e5 51. Kd5 Rf4 52. Rxf4 exf4 53. c6 Kg3 54. c7 f2 55. c8Q f1Q 56. Qg8+ Kh4 57. Qg6 f3 58. Ke4 Qg2 59. Ke3 Qe2+ 60. Kf4 f2 1/2-1/2